000 00723nam a2200241Ia 4500
003 OSt
005 20220930193037.0
006 a|||||r|||| 00| 0
007 ta
008 220926b |||||||| |||| 00| 0 eng d
024 _a10994
037 _cDissertations
040 _aCRL
_cCRL
_beng
041 _2eng
_aeng
100 _aMehra Neeru
110 _aUniversity of Delhi. Faculty of Arts. Department of Psychology
_9169788
245 0 _aPerception of size and distance
_b A process analysis of size constancy
260 _c1974
650 _aPSYCHOLOGY
700 _aUniversity of Delhi. Faculty of Arts. Department of Psychology
_9169789
942 _cDIS
_2CC
999 _c895980
_d895980